000 01578nab a2200229 i 4500
001 768714001
003 CO-MdFUSB
005 20240524094409.0
008 240524t1974 sp ||||| |||| 00| 0 spa d
040 _bspa
_cCO-MdFUSB
_dCO-MdFUSB
041 _aspa
100 _aRossi, Mario,
_eautor
245 _a¿Qué es curar?
_c/ Mario Rossi ; traducido por Alfonso de la Fuente
520 _aSiempre deseamos definir con precisión quién está sano y quién enfermo, el estado de normalidad y el de anormalidad. Pero sabemos que la ciencia moderna ha establecido fronteras menos precisas a esas situaciones extremas, y hoy es frecuente oír hablar de equilibrios, descompensaciones, fases alternas, deslizamientos, aun cuando el estar mal tenga su realidad sensible y el estar bien tenga todas las ventajas de tal estado. Los esquemas fáciles gozan hoy de menor crédito que antaño, porque la suspicacia ha proporcionado a la ciencia y también a la cultura media nuevos argumentos, ha fomentado una idea de complejidad del yo físico, del yo psíquico y de la realidad externa: nuestra historia es menos idealizable y nuestros datos son más ricos en posibilidades.
650 0 _aVida cristiana
_919
650 7 _aPsicología de la salud
_97259
653 _aTerapia
700 _aFuente, Alfonso de la, ‎
_etraductor
773 0 _049450
_982679
_oR2589
_tRevista internacional de teología Concilium
_w(CO-MdFUSB)8
_x0210-1041
_gVolumen 99, (noviembre, 1974 ) páginas: 238 - 243
_qpáginas: 238
942 _cANA
945 _aCatherine Arias Álvarez - Practicante SENA
999 _c69898
_d69898